|
|
|
|
| LEADER |
00000cas a2200000 a 4500 |
| 001 |
vtls008418338 |
| 003 |
SK-MaSNL |
| 005 |
20260228161029.0 |
| 008 |
051213d20022011xo qr|p 0 b0slo |
| 022 |
|
|
|a 1336-0868
|
| 035 |
|
|
|a (SVKBB03)vtls000146754
|
| 040 |
|
|
|a SVKPO
|b slo
|c SVKPO
|d SNK
|d SAVUK
|d SNK
|e AACR2
|
| 041 |
0 |
|
|a slo
|
| 044 |
|
|
|a xo
|c SK
|
| 072 |
|
7 |
|a 64
|x Domáce hospodárstvo
|2 konspekt
|
| 072 |
|
7 |
|a 791
|x Film. Cirkus. Ľudová zábava
|2 konspekt
|
| 080 |
|
|
|a 659.1
|2 2011
|
| 080 |
|
|
|a 658.6
|2 2011
|
| 080 |
|
|
|a 339.372.84
|2 2011
|
| 080 |
|
|
|a 64.033
|2 2011
|
| 080 |
|
|
|a 791.7
|2 2011
|
| 080 |
|
|
|a 050
|2 2011
|
| 080 |
|
|
|a (051)-048.55
|2 2011
|
| 210 |
0 |
|
|a Aupark aulife
|
| 222 |
|
0 |
|a Aupark aulife
|
| 245 |
0 |
0 |
|a Aupark Aulife
|b časopis o živote, nákupoch a zábave
|
| 246 |
1 |
3 |
|a Au life
|
| 246 |
1 |
3 |
|a Aulife
|
| 260 |
|
|
|a Bratislava
|b Aupark
|c 2002-2011
|
| 300 |
|
|
|a 10 zv.
|c 30-34 cm
|
| 310 |
|
|
|a 4x ročne
|
| 362 |
0 |
|
|a Č. 1 (leto 2002)-č. 2 (leto 2011)
|
| 500 |
|
|
|a Registrácia: MK SR 2804/2002
|
| 500 |
|
|
|a Evidenčné číslo: EV 1351/08
|
| 500 |
|
|
|a Šéfredaktor: 1/2002-?1/2006, Ivan Garčár ; ?3/2006-2/3/2007, Želmíra Rácová ; 1/2008-2/2011, Mária Juritková
|
| 500 |
|
|
|a Od č. 1/2011 veľkosť zv. 30 cm
|
| 500 |
|
|
|a Č. 1/2011- a č. 2/2011 majú názov Aulife
|
| 500 |
|
|
|a Podnázov v tiráži: magazín nákupno-zábavného centra Aupark
|
| 500 |
|
|
|a Podnázov sa mení: 4/2008-2/2011: magazín o živote, nákupoch a zábave
|
| 515 |
|
|
|a Niektoré čísla vychádzajú ako dvojčíslo
|
| 650 |
0 |
7 |
|a nakupovanie
|2 SNKPH
|9 79130
|
| 650 |
0 |
7 |
|a nákupné centrá
|2 SNKPH
|9 79092
|
| 650 |
0 |
7 |
|a reklama a propagácia
|2 SNKPH
|9 66573
|
| 655 |
|
7 |
|a špecializované časopisy
|2 SNKPH
|9 70509
|
| 700 |
1 |
|
|a Garčár, Ivan
|4 pbd
|9 267822
|
| 700 |
1 |
|
|a Rácová, Želmíra
|4 pbd
|9 267823
|
| 700 |
1 |
|
|a Juritková, Mária
|4 pbd
|9 267824
|
| 710 |
2 |
|
|a Aupark (Bratislava, Slovensko)
|4 pbl
|9 267825
|
| 856 |
4 |
|
|u www.aupark.sk
|
| 910 |
|
|
|a svkpo
|
| 910 |
|
|
|a savuk
|
| 910 |
|
|
|a snk
|
| 999 |
|
|
|c 4134
|d 6064
|
| 952 |
|
|
|0 0
|1 0
|4 0
|7 0
|8 5
|a SNK
|b SNK
|d 2023-06-05
|i snk2023/8908
|l 0
|o snkČSB 7145/2005 D1
|p 17A1465975
|r 2026-02-21 19:47:31
|t č. jar-zima
|w 2026-02-21
|y PREZ
|
| 952 |
|
|
|0 0
|1 0
|4 0
|7 1
|8 0
|a SNK
|b SNK
|d 2019-06-21
|i snk2019/16967
|l 0
|o snkČSB 7145/2008
|p 17A1368594
|r 2026-02-21 20:18:58
|t č. jar-zima, neúplné
|w 2026-02-21
|y NEVYP
|z Chýba jeseň
|
| 952 |
|
|
|0 0
|1 0
|4 0
|7 0
|8 0
|a SNK
|b SNK
|d 2019-06-21
|i snk2019/16969
|l 0
|o snkČSB 7145/2008 D1
|p 17A1368595
|r 2026-02-21 20:18:58
|t č. jar-zima, neúplné
|w 2026-02-21
|y PREZ
|z Chýba jeseň
|
| 952 |
|
|
|0 0
|1 0
|4 0
|7 1
|8 0
|a SNK
|b SNK
|d 2019-06-21
|i snk2019/16970
|l 0
|o snkČSB 7145/2009
|p 17A1368596
|r 2026-02-21 20:18:58
|t č. jar-zima
|w 2026-02-21
|y NEVYP
|
| 952 |
|
|
|0 0
|1 0
|4 0
|7 0
|8 0
|a SNK
|b SNK
|d 2019-06-21
|i snk2019/16971
|l 0
|o snkČSB 7145/2009 D1
|p 17A1368597
|r 2026-02-21 20:18:58
|t č. jar-zima
|w 2026-02-21
|y PREZ
|
| 952 |
|
|
|0 0
|1 0
|4 0
|7 1
|8 0
|a SNK
|b SNK
|d 2019-06-21
|i snk2019/16965
|l 0
|o snkČSB 7145/2007
|p 17A1368592
|r 2026-02-21 20:18:59
|t č. jar-zima
|w 2026-02-21
|y NEVYP
|
| 952 |
|
|
|0 0
|1 0
|4 0
|7 0
|8 0
|a SNK
|b SNK
|d 2019-06-21
|i snk2019/16966
|l 0
|o snkČSB 7145/2007 D1
|p 17A1368593
|r 2026-02-21 20:18:59
|t č. jar-zima, neúplné
|w 2026-02-21
|y PREZ
|z Chýba jar
|
| 952 |
|
|
|0 0
|1 0
|4 0
|7 0
|8 0
|a SNK
|b SNK
|d 2019-06-21
|i snk2019/16979
|l 0
|o snkČSB 7145/2011
|p 17A1368600
|r 2026-02-21 20:18:59
|t č. jar-leto
|w 2026-02-21
|y PREZ
|
| 952 |
|
|
|0 0
|1 0
|4 0
|7 0
|8 0
|a SNK
|b SNK
|d 2019-06-21
|i snk2019/16981
|l 0
|o snkČSB 7145/2011 D1
|p 17A1368601
|r 2026-02-21 20:18:59
|t č. jar-leto
|w 2026-02-21
|y PREZ
|
| 952 |
|
|
|0 0
|1 0
|4 0
|7 0
|8 0
|a SNK
|b SNK
|d 2019-06-21
|i snk2019/16930
|l 0
|o snkČSB 7145/2003 D1
|p 17A1368588
|r 2026-02-21 20:19:01
|t č. jar-zima
|w 2026-02-21
|y PREZ
|
| 952 |
|
|
|0 0
|1 0
|4 0
|7 0
|8 0
|a SNK
|b SNK
|d 2019-06-21
|i snk2019/16926
|l 0
|o snkČSB 7145/2002 D1
|p 17A1368586
|r 2026-02-21 20:19:01
|t č. leto-zima
|w 2026-02-21
|y PREZ
|
| 952 |
|
|
|0 0
|1 0
|4 0
|7 1
|8 0
|a SNK
|b SNK
|d 2019-06-21
|i snk2019/16973
|l 0
|o snkČSB 7145/2010
|p 17A1368598
|r 2026-02-21 20:19:01
|t č. jar-zima
|w 2026-02-21
|y NEVYP
|
| 952 |
|
|
|0 0
|1 0
|4 0
|7 1
|8 0
|a SNK
|b SNK
|d 2019-06-21
|i snk2019/16929
|l 0
|o snkČSB 7145/2003
|p 17A1368587
|r 2026-02-21 20:19:01
|t č. jar-zima
|w 2026-02-21
|y NEVYP
|
| 952 |
|
|
|0 0
|1 0
|4 0
|7 1
|8 0
|a SNK
|b SNK
|d 2019-06-21
|i snk2019/16933
|l 0
|o snkČSB 7145/2004
|p 17A1368589
|r 2026-02-21 20:19:01
|t č. jar-zima
|w 2026-02-21
|y NEVYP
|
| 952 |
|
|
|0 0
|1 0
|4 0
|7 0
|8 0
|a SNK
|b SNK
|d 2019-06-21
|i snk2019/16975
|l 0
|o snkČSB 7145/2010 D1
|p 17A1368599
|r 2026-02-21 20:19:01
|t č. jar-zima
|w 2026-02-21
|y PREZ
|
| 952 |
|
|
|0 0
|1 0
|4 0
|7 1
|8 0
|a SNK
|b SNK
|d 2019-06-21
|i snk2019/16912
|l 0
|o snkČSB 7145/2002
|p 17A1368585
|r 2026-02-21 22:15:06
|t č. leto-zima
|w 2026-02-21
|y NEVYP
|
| 952 |
|
|
|0 0
|1 0
|4 0
|7 1
|8 0
|a SNK
|b SNK
|d 2019-06-21
|i snk2019/16936
|l 0
|o snkČSB 7145/2005
|p 17A1368590
|r 2026-02-21 22:15:06
|t č. jar-zima
|w 2026-02-21
|y NEVYP
|
| 952 |
|
|
|0 0
|1 0
|4 0
|7 1
|8 0
|a SNK
|b SNK
|d 2019-06-21
|i snk2019/16942
|l 0
|o snkČSB 7145/2006
|p 17A1368591
|r 2026-02-21 22:15:06
|t č. jar-zima, neúplné
|w 2026-02-21
|y NEVYP
|z Chýba leto
|